Sustainable use of genetic resources under the convention on biological diversity : Exploring access and benefit sharing issues (Record no. 42122)

MARC details
000 -LEADER
fixed length control field 00383nam a2200121Ia 4500
020 ## - INTERNATIONAL STANDARD BOOK NUMBER
ISBN 851991971
082 ## - DEWEY DECIMAL CLASSIFICATION NUMBER
Classification number 575:346
Item number LES
100 ## - MAIN ENTRY--AUTHOR NAME
Personal name Lesser, W
245 #0 - TITLE STATEMENT
Title Sustainable use of genetic resources under the convention on biological diversity : Exploring access and benefit sharing issues
260 ## - PUBLICATION, DISTRIBUTION, ETC. (IMPRINT)
Place of publication UK
Name of publisher CABI
Year of publication 1998
942 ## - ADDED ENTRY ELEMENTS (KOHA)
Koha item type Books
Holdings
Withdrawn status Lost status Damaged status Not for loan Home library Current library Date acquired Cost, normal purchase price Full call number Accession Number Koha item type
        RRII Library RRII Library 16/12/2021 40.00 575:346 LES 22399 Books